Random NATO Flag to Country - Statistics

General Stats
  • This quiz has been taken 300 times
  • The average score is 7 of 7
Answer Stats
Picture Answer % Correct
Canada
100%
France
100%
Norway
100%
Portugal
100%
Romania
100%
Sweden
100%
Turkey
100%
United Kingdom
100%
Albania
98%
Denmark
98%
Italy
98%
Montenegro
98%
Spain
98%
United States
98%
Croatia
97%
Finland
97%
Germany
97%
Lithuania
97%
Slovakia
96%
Belgium
95%
Bulgaria
95%
Estonia
95%
Greece
95%
Hungary
95%
(North) Macedonia
95%
Poland
95%
Iceland
94%
Netherlands
94%
Latvia
93%
Slovenia
93%
Luxembourg
92%
Czech Republic (Czechia)
84%
No matching quizzes found
Score Distribution
Percent of People with Each Score
Percentile by Number Answered
Your Score History
You have not taken this quiz